Principles of organization, administrationj and siper vision for primary teacher education in Asia (Record no. 495388)

000 -LEADER
fixed length control field 00365cam a22001097a 4500
008 - FIXED-LENGTH DATA ELEMENTS--GENERAL INFORMATION
fixed length control field 180718b1965 xxu||||| |||| 00| 0 eng d
082 ## - DEWEY DECIMAL CLASSIFICATION NUMBER
Classification number P11x5 Un3 pr
100 ## - MAIN ENTRY--PERSONAL NAME
Personal name Pries, Edward A.
245 ## - TITLE STATEMENT
Title Principles of organization, administrationj and siper vision for primary teacher education in Asia
Statement of responsibility, etc. by Edward A. Pries
260 ## - PUBLICATION, DISTRIBUTION, ETC.
Place of publication, distribution, etc. Bangkok
Name of publisher, distributor, etc. UNESCO
Date of publication, distribution, etc. 1965
300 ## - PHYSICAL DESCRIPTION
Extent 47p.
Holdings
Withdrawn status Lost status Damaged status Not for loan Permanent Location Current Location Date acquired Full call number Barcode Date last seen Price effective from Koha item type
        Indian Institute of Public Administration Indian Institute of Public Administration 2018-08-04 P11x5 Un3 pr GG12010 2018-08-04 2018-08-04 GG

Powered by Koha